Proposals for additions to (Record no. 104528)
[ view plain ]
| 000 -LEADER | |
|---|---|
| fixed length control field | 01192cam a2200265 4500 |
| 001 - CONTROL NUMBER | |
| control field | L130712 |
| 008 - FIXED-LENGTH DATA ELEMENTS--GENERAL INFORMATION | |
| fixed length control field | 050825n2005 000 0 eng u |
| 035 ## - SYSTEM CONTROL NUMBER | |
| System control number | (Sirsi) u130712 |
| 041 0# - LANGUAGE CODE | |
| Language code of text/sound track or separate title | eng |
| 050 04 - LIBRARY OF CONGRESS CALL NUMBER | |
| Classification number | 692.2 $2 18 |
| 110 24 - MAIN ENTRY--CORPORATE NAME | |
| Corporate name or jurisdiction name as entry element | The Basement Information Centre |
| 9 (RLIN) | 4757 |
| 245 00 - TITLE STATEMENT | |
| Title | Proposals for additions to |
| Remainder of title | approved document basements for dwellings |
| Medium | [electronic resource] |
| 260 ## - PUBLICATION, DISTRIBUTION, ETC. | |
| Place of publication, distribution, etc. | Blackwater, Surrey |
| Name of publisher, distributor, etc. | Basement Information Centre |
| Date of publication, distribution, etc. | 2005 |
| 520 ## - SUMMARY, ETC. | |
| Summary, etc. | Sets out proposals for amendments to Private Sector Approved Document Basements for Dwellings (2004 Edition) including guidance on the design of plain masonry and plain ready mixed concrete retaining walls in accordance with Eurocodes 6 and 2 respectively. |
| 590 ## - LOCAL NOTE (RLIN) | |
| Local note | IKA300805 |
| 650 24 - SUBJECT ADDED ENTRY--TOPICAL TERM | |
| Topical term or geographic name entry element | BUILDING ACT 1984 |
| 650 24 - SUBJECT ADDED ENTRY--TOPICAL TERM | |
| Topical term or geographic name entry element | EUROCODE 6 |
| 650 24 - SUBJECT ADDED ENTRY--TOPICAL TERM | |
| Topical term or geographic name entry element | EUROCODE 2 |
| 650 24 - SUBJECT ADDED ENTRY--TOPICAL TERM | |
| Topical term or geographic name entry element | PRIVATE SECTOR APPROVED DOCUMENT BASEMENTS FOR DWELLINGS (2004 EDITION) |
| 650 24 - SUBJECT ADDED ENTRY--TOPICAL TERM | |
| Topical term or geographic name entry element | BUILDING REGULATIONS 2000 |
| 651 #4 - SUBJECT ADDED ENTRY--GEOGRAPHIC NAME | |
| Geographic name | England and Wales |
| Chronological subdivision | 1543- |
| 690 ## - LOCAL SUBJECT ADDED ENTRY--TOPICAL TERM (OCLC, RLIN) | |
| Topical term or geographic name as entry element | Building regulations |
| 9 (RLIN) | 6224 |
| 856 40 - ELECTRONIC LOCATION AND ACCESS | |
| Uniform Resource Identifier | <a href="https://www.basements.org.uk/i_page.php?t=1&p=12">https://www.basements.org.uk/i_page.php?t=1&p=12</a> |
| Public note | View the consultation free of charge at www.basements.org.uk... |
| 942 ## - ADDED ENTRY ELEMENTS (KOHA) | |
| Suppress in OPAC | 0 |
| Withdrawn status | Lost status | Source of classification or shelving scheme | Damaged status | Not for loan | Home library | Current library | Shelving location | Date acquired | Total Checkouts | Full call number | Barcode | Date last seen | Copy number | Price effective from | Koha item type |
|---|---|---|---|---|---|---|---|---|---|---|---|---|---|---|---|
| Dewey Decimal Classification | Virtual | Virtual | Online | 25/08/2005 | ONLINE PUBLICATION | 130712-1001 | 06/08/2019 | 1 | 06/08/2019 | Book |